000 00845nam a22001817a 4500
008 170824b xxu||||| |||| 00| 0 eng d
020 _a1133606784
040 _aKABU
_cKABU
050 _aQP141
_b.W45 2016 c.1
100 _aWhitney, Ellie
245 _aUnderstanding Nutrition
_cEllie Whitney
250 _a14th ed.
260 _b cengage learning
_aAustralia
_c2016
300 _a1 Vol.(Various paging)
650 _aNutrition
700 _aRolfes, Sharon Rady
942 _2lcc
_cBK
_e14th ed.
_hQP141 .W45 2016 c.1
999 _c19222
_d19221